Southville International School and Colleges
Your cart is empty.
  • Cart
  • Lists
    Public lists Eva Luna New books Lux_list list_1
    Your lists Log in to create your own lists
  • Log in to your account
  • Your cookies
  • Search history
Southville International School and Colleges
  • Advanced search
  • Recent comments
  • Most popular
  • Libraries

Log in to your account

Log in with GOOGLE


If you do not have an external account, but do have a local account, you can still log in:

  1. Home
  2. MARC view: Prehistoric animals and fossils /
Normal view MARC view ISBD view

Prehistoric animals and fossils / (Record no. 112071)

[ view plain ]
MARC details
000 -LEADER
fixed length control field 00391nam a2200157 a 4500
001 - CONTROL NUMBER
control field 1990
005 - DATE AND TIME OF LATEST TRANSACTION
control field 20140414131927.0
008 - FIXED-LENGTH DATA ELEMENTS--GENERAL INFORMATION
fixed length control field 040111s19uu xx 00 eng d
050 ## - LIBRARY OF CONGRESS CALL NUMBER
Classification number ER
Item number P91 1984
100 ## - MAIN ENTRY--PERSONAL NAME
Personal name Smith, Michael
245 ## - TITLE STATEMENT
Title Prehistoric animals and fossils /
Statement of responsibility, etc Michael Smith.
260 ## - PUBLICATION, DISTRIBUTION, ETC. (IMPRINT)
Name of publisher, distributor, etc Ladybird,
Date of publication, distribution, etc 1984.
300 ## - PHYSICAL DESCRIPTION
Extent 50 p. ; cm.
650 ## - SUBJECT ADDED ENTRY--TOPICAL TERM
Topical term or geographic name as entry element Fossils.
Holdings
Withdrawn status Lost status Damaged status Home library Current library Shelving location Date acquired Source of acquisition Total Checkouts Full call number Barcode Date last seen Price effective from Koha item type
      Munich Library Munich Library Easy Reading Section 01/11/2004     ER P91 1984 M3089 04/14/2014 04/14/2014 Books

Prehistoric animals and fossils /

APA

Smith M., . (1984). Prehistoric animals and fossils. : Ladybird.

Chicago

Smith Michael, . 1984. Prehistoric animals and fossils. : Ladybird.

Harvard

Smith M., . (1984). Prehistoric animals and fossils. : Ladybird.

MLA

Smith Michael, . Prehistoric animals and fossils. : Ladybird. 1984.

  • Place hold
  • Print
  • Cite
  • Add to your cart (remove)
  • Save record
    BIBTEX Dublin Core MARCXML MARC (non-Unicode/MARC-8) MARC (Unicode/UTF-8) MARC (Unicode/UTF-8, Standard) MODS (XML) RIS
  • More searches
    Search for this title in:
    Other Libraries (WorldCat) Other Databases (Google Scholar) Online Stores (Bookfinder.com) Open Library (openlibrary.org)

Exporting to Dublin Core...

SOUTHVILLE LIBRARY

Southville International School and Colleges Library

1281 Tropical Ave. Cor. Luxembourg St., BF Homes International, Las Pinas City

Tel. No. 8256374 / 252358 Loc. 117/146

Powered by Koha